000 00283nam a22001217a 4500
082 _a158
_bSEB/D
100 _aSEBASTIAN,B.O
245 _aDEAR TEACHER
260 _aTHRISSUR
_bSEBASTIAN BHARANIKULANGARA
300 _a111
650 _aPERSONALITY DEVELOPMENT
_zTHRISSUR
942 _cBK
999 _c5372
_d5372